| 000 | 00340nam a2200145Ia 4500 | ||
|---|---|---|---|
| 008 | 230711s9999||||xx |||||||||||||| ||und|| | ||
| 041 | _aENG | ||
| 082 |
_a510 _bSA-E |
||
| 100 | _aSalhotra,K.K | ||
| 245 | 0 | _aEngineering Mathematics | |
| 250 | _a1st | ||
| 260 |
_c1994 _aNew Delhi _bS.K Kataria & Sons |
||
| 650 | _aMathematics | ||
| 942 | _cBK | ||
| 999 |
_c2634 _d2634 |
||